01377nam a22003257a 4500001001000000003000900010005001700019007001000036008003700046020001800083020001800101040002200119092001700141100001500158245013800173260004300311300003100354490002700385500007800412500013000490700002900620700003200649830002700681942001200708945004400720952011600764952011400880956004000994999001701034000052562DO-SdBNP20180312104014.0000052562160505b 2014 dr a 00| 0 spa d a9789945119114 a9789945119152 aBPMSUbspacBPMSU axxxxxbxxxxx1 aSosa, Olga aEntre amigos 2 : beducación inicial /cOlga Sosa ; dirección editorial Claudia Llibre ; ilustración Ruddy Núñez...[et al]. aSanto Domingo : bSantillana, c2014.  a295 p. : bil. ; c21 cm.  a Proyecto todos juntos aIncluye guía didáctica y recursos didácticos para el profesorado  aEste libro ha sido realizado de conformidad con el currículum vigente y ha sido sometido a la aprobación de la MINERD. 12aNúñez, Ruddy, eil. 12aLlibre, Claudia,edir. ed.  p Proyecto todos juntos 2ddccBK aRemanejado para la Bib. BNPHU, 2018/ YL 00102ddc40708CEaBPMETbBPMETd2016-05-05eDonaciónl0pBPMSU16050093r2016-05-05tv. 1, w2016-05-05yBK 00102ddc40708CEaBPMETbBPMETd2016-05-05eDonaciónl0pBPMSU16050094r2016-05-05tv. 2w2016-05-05yBK 2LOPEREZ3106201605058BPMSUa00041 c10004d10004